Quiz da América do Sul - Statistics

Estatísticas Gerais
  • Esse quiz foi jogado 70 vezes
  • A pontuação média é 13 de 15
Estatísticas das Respostas
Hint Resposta % Correto
Maior País do Continente Sul
Sua cidade mais Populosa é "São Paulo"
Brasil
100%
Tem o jogador de futebol "Lionel Messi"
É Aliada Ao Brasil
Argentina
98%
Sua Capital é Bógota
Começa com "Col"
Colômbia
97%
É Colônia da França
É uma Guiana
Guiana Francesa
97%
Começa com P
É conhecIda pela Guerra do Paraguai
Paraguai
92%
AQUI A RESPOSTA É
yhannzincode
yhannzincode
92%
Faz Fronteira com a Argentina
Começa com "C"
Chile
91%
Sua Independência ocorreu entre 1809-1822
Único País cuja seu nome começa com "E"
Equador
91%
É o único país que foi colonizado pela Inglaterra
É uma Guiana
Guiana
91%
Sofreu um Golpe de Estado em 1980
Único Estado Que Começa com "S"
Suriname
91%
Crise Econômica
Crise Política
Venezuela
91%
QUESTAO 1, AQUI A RESPOSTA É
yhannzin
yhannzin
89%
Tem Duas Capitais"Sucre" e 'La Paz"
Seu nome é em homenagem a um líder militar
Bolívia
85%
Faz Fronteira com o Brasil
Faz Fronteira com a Argentina
Uruguai
83%
Sua Independência foi em 1821-1824
Colonizada pela Espanha
Peru
48%
Nenhum quiz correspondente encontrado
Distribuição das Pontuações
Porcentagem de Pessoas com Cada Pontuação
Percentil de Números Respondidos
Sua Pontuação Histórica
Você não jogou esse quiz